000
00201 a2200097 4500
001
53140
100
_a
Toffler, A
245
_a
Third Wave
260
_a
London
_b
Bantam Books
_c
090
_c
33427
_d
33427
942
_a
NUST-CAE
_c
M
_c
26033
999
_c
288213
_d
288213